| 000 | 00368nam a2200145Ia 4500 | ||
|---|---|---|---|
| 008 | 150201s2010 xx 000 0 und d | ||
| 082 |
_a617.643 _bM2010N |
||
| 100 | _aNAKAJIMA, E | ||
| 245 | _aMANUAL OF WIRE BENDING TECHNIQUES | ||
| 250 | _a1ST | ||
| 260 |
_bQUINTESSENCE PUBLICATION _aCHICAGO _c2010 |
||
| 300 | _aJan-87 | ||
| 650 | _aORTHODONTICS | ||
| 942 |
_2ddc _cBK |
||
| 999 |
_c4495 _d4495 |
||